000 00510nam a2200169Ia 4500
005 20250326145122.0
008 250326s9999 xx 000 0 und d
037 _aTextbook
040 _aFMSL
_beng
_cFMSL
041 _aeng
_2eng
084 _aX:8D.44.Q0<-M70 P8
_qFMSL
100 _aSury M M
245 0 _aCenter-State ficial relations in India 1870-2010
_cSury M M
260 _aNew Delhi
_bNew Delhi, New century
_c2008
942 _cTB
_hX:8D.44.Q0<-M70 P8
999 _c1306434
_d1306434